Quizzes
Events
Quiz Creation
Community
Videos
Private Events
Remove Ads
Sign In
Join for FREE
Feedback
Dark Mode
Quiz Categories
Sports
Geography
Music
Movies
Television
Just For Fun
Miscellaneous
History
Literature
Language
Science
Gaming
Entertainment
Religion
Holiday
For Kids
Quiz Lab
Recent
Popular Today
Quiz Kudos Today
Editor Picks
Curator Picks
Quizzes by...
Day
Popularity
Type
Ratings
Length
Year
Community
Subscriptions
Recent Discussions
Orange Saloon
Badges
Playlists
Quests
Create
Leaderboards
Showdown
Live 5
Trivia Bingo
Activity
Puzzle Library
Sporcle Events
Private Events
Virtual Trivia
Globe League
Become a Host
Pub Owners
SporcleCon
Opinionation
Our Games
Videos
Blog
Mobile Apps
Partnerships
Remove Ads and Go Orange
Feedback
Sports
Athletes
MLB
NBA
NHL
NFL
Soccer
Sports Teams
WWE
NCAA
Football
Premier League
Basketball
Baseball
Hockey
Golf
Tennis
Cricket
Rugby
Auto Racing
Olympics
World Cup
Sports
Athletes
MLB
NBA
NHL
NFL
Soccer
Sports Teams
WWE
NCAA
Football
Premier League
Basketball
Baseball
Hockey
Golf
Tennis
Cricket
Rugby
Auto Racing
Olympics
World Cup
Random Quiz
Search Sporcle
×
Quiz Lab
Quiz Lab
Sports
NASCAR
Type in answers that appear in a list
Type in answers that appear in a list
Classic
Best Score? Go Orange.
RPM/Petty Enterprises Highest Points Finishers Stats
Can you name the RPM/Petty Enterprises Drivers who were the Highest Points Finishers for the team?
By
squadgoalzz23
9m
72 Questions
342 Plays
342 Plays
342 Plays
Comments
Comments
Give Quiz Kudos
Give Quiz Kudos
-
- Ratings
hide this ad
More Info
Replay
Link that replays current quiz
Next Quiz
Link to next quiz in quiz playlist
You Got
0%
They Got
Avg Score
91%
Avg Friend Score
Upgrade to see
Score Distribution
Jump to the score distribution portion of the page
Score
0/72
Timer
09:00
0
Plays Today
Year
Driver
% Correct
1949
Lee Petty
100%
1950
Lee Petty
100%
1951
Lee Petty
100%
1952
Lee Petty
100%
1953
Lee Petty
100%
1954
Lee Petty
100%
1955
Lee Petty
100%
1956
Lee Petty
100%
1957
Lee Petty
100%
1958
Lee Petty
100%
1959
Lee Petty
100%
1960
Richard Petty
100%
1961
Richard Petty
100%
1962
Richard Petty
100%
1963
Richard Petty
100%
1964
Richard Petty
100%
1966
Richard Petty
100%
1967
Richard Petty
100%
1968
Richard Petty
100%
1969
Richard Petty
100%
1970
Richard Petty
100%
1971
Richard Petty
100%
1972
Richard Petty
100%
1973
Richard Petty
100%
1974
Richard Petty
100%
1975
Richard Petty
100%
1976
Richard Petty
100%
1977
Richard Petty
100%
1978
Richard Petty
100%
1979
Richard Petty
100%
1980
Richard Petty
100%
1981
Richard Petty
100%
1982
Richard Petty
100%
1983
Richard Petty
100%
1986
Richard Petty
100%
1987
Richard Petty
100%
Year
Driver
% Correct
1988
Richard Petty
100%
1989
Richard Petty
100%
1990
Richard Petty
100%
1991
Richard Petty
100%
1992
Richard Petty
100%
1984
Kyle Petty
99.7%
2002
Kyle Petty
99.7%
2003
Kyle Petty
99.7%
2021
Erik Jones
96%
2022
Erik Jones
96%
2018
Bubba Wallace
95.9%
2019
Bubba Wallace
95.9%
2020
Bubba Wallace
94.3%
2013
Aric Almirola
93.3%
2014
Aric Almirola
93.3%
2015
Aric Almirola
93.3%
2016
Aric Almirola
93.3%
2017
Aric Almirola
93.3%
1998
John Andretti
89.5%
1999
John Andretti
89.5%
2000
John Andretti
89.5%
2001
John Andretti
89.5%
2008
Bobby Labonte
82.2%
2006
Bobby Labonte
82.2%
2007
Bobby Labonte
82.2%
1995
Bobby Hamilton
78.9%
1996
Bobby Hamilton
78.9%
1997
Bobby Hamilton
78.9%
2009
Kasey Kahne
77.5%
2012
Marcos Ambrose
76%
2010
AJ Allmendinger
75.7%
2011
AJ Allmendinger
75.7%
2004
Jeff Green
61.4%
2005
Jeff Green
61.4%
1994
Wally Dallenbach Jr.
49.7%
1993
Rick Wilson
41.8%
Quiz Playlist
Details
Report
Send in Message
Add To Playlist
More Info:
Seasons in which Petty Enterprises entered in less than half of the races for the season are not counted
Classic:
Type in answers that appear in a list
Last Updated: Nov 7, 2022
Quiz Scoreboard
CHALLENGE
Sign Up to Join the Scoreboard
Show All
Scores
Hide
Comments
May contain spoilers
Recently Published
Movies - When Are They Set?
by FPL_Elf
Movies
5m
Popular People in 1961
by mucciniale
History
6m
1-10 Letter E Words III
by El_Dandy
Language
2m
More to Explore
Quiz From the Vault
Featured Blog Post
Where Did the Easter Bunny Come From?
hide this ad
You Might Also Like...
Tags
NASCAR
NASCAR Championship
Today's Top Quizzes in Sports
Browse Sports
hide this ad
Today's Top Quizzes in NASCAR
Browse NASCAR
Top Contributed Quizzes in Sports
1
Les meilleurs buteurs des matchs entre le PSG et l’OM
2
2022 World Cup Stars
3
FIFA Club World Cup Champions
4
Les entraîneurs de l'OM et du PSG au 21e siècle
5
Name the Premier League winners with different clubs
6
La finale Lions - Afrique du Sud 2021
7
Criteria MLB: Left Handed Sluggers
8
Les joueurs passés par le LOSC et le RC Lens
9
Players with Multiple 50 Home Run Seasons
10
MLB Players with Two .350 Batting Average Seasons
Explore More
Trending Topics
NBA
Marvel
Disney
Harry Potter
Anime
Crossword
Kpop
Pokémon
Soccer
The Office
Puzzle
WWE
Song
NFL
Country
hide this ad
More By:
squadgoalzz23
Quiz
Plays
Rating
Category
Featured
Created
Chainamania II
7,690
4.33
Sports
Feb 6, 2019
Chainamania I
7,401
4.13
Sports
Jan 25, 2019
2021 Bowl Game Participants
4,589
4.82
Sports
Dec 6, 2021
Chainamania III
3,230
4.00
Sports
Apr 22, 2019
Every Formula One Driver Since 2000
2,071
4.33
Sports
Apr 1, 2019
Go to Creator's Profile
Score Distribution
Quiz Creator Spotlight
squadgoalzz23
Follow
Send a Message
Quizzes Created
-
Created Quiz Play Count
-
More By This Creator
Popular Quizzes Today
1
Find the Countries of Europe - No Outlines Minefield
2
Find the US States - No Outlines Minefield
3
The Countries of the World
4
Popular People in 1961
5
US States
6
1-10 Letter E Words III
7
Find the US States
8
One Thing in Common: World Cities II
More Sports Quizzes
MLB World Series MVPs
Published
Trending Quizzes
Risky Map Clicking: Least Populous States A-Z
1-10 Letter F Words
1-10 Letter G Words
One Thing in Common: United Kingdom
Risky Map Clicking: Next State Alphabetically
Recently Updated
Leaping Animals
pecheneg
Reality TV Shows (A-Z)
bhenderson79
Rickey Henderson's Hall of Fame Teammates
pecheneg
Champions League XIs: Arsenal
pecheneg
Quick Pick: Celebrities in WWE's Hall of Fame
aduchscher
A-Z Keypad Blitz II
pecheneg
Multiple Oscar Actors
pecheneg
Mystery Phrase Blitz: Oscar 'Best Actors'
pecheneg
F. Scott Fitzgerald Novels
LTH
Pick 3 Villains
ddd62291
Trending Topics
NBA
Harry Potter
Kpop
Disney
Crossword
Marvel
Anime
Pokémon
Soccer
NFL
Song
The Office
Country
Puzzle
WWE
Your Account Isn't Verified!
In order to create a playlist on Sporcle, you need to verify the email address you used during registration. Go to your
Sporcle Settings
to finish the process.
Report this User
Report this user for behavior that violates our
Community Guidelines
.
Details:
Send Report
Go to the Sporcle.com Mobile Site →
Comments